000 00704nas a2200265 4500
001 BR9205415
003 BR-BrBNA
005 20231205092833.0
007 ta
008 230509b bl.|||p| |||| 00| 00por d
040 _aBR-BrBNA
_bpor
_cBiblioteca Nacional de Agricultura
041 _a(Pt)
072 _aF02
100 1 _aHorino, Y.
100 1 _aNojima, H.
100 1 _aNakamoto, J.
245 1 _aCorte e tratamento dos bulbinhos com neantina
650 _aCEBOLA
650 _aBULBO
650 _aBROTACAO
650 _aCORTE
773 0 _tRevista de Olericultura (Brazil)
_x
_g(1966), (no. 6) p. 213-215
_wBR9205415
909 _a202311
_bLúcia
_c55
_dLúcia Elande
942 _2AGRIS
_n0
_cANA
999 _c134573
_d134573